Maria Santissima nella storia della salvezza. Trattato completo di mariologia alla luce del Concilio Vaticano II... (Record n. 13828)

Dettagli MARC
000 -LEADER
fixed length control field 00855nam a2200229Ia 4500
003 - CONTROL NUMBER IDENTIFIER
control field IT-RoPAU
005 - DATE AND TIME OF LATEST TRANSACTION
control field 20220918175454.0
008 - FIXED-LENGTH DATA ELEMENTS--GENERAL INFORMATION
fixed length control field 120407s9999 xx 000 0 und d
040 ## - CATALOGING SOURCE
Original cataloging agency IT-RoPAU
040 ## - CATALOGING SOURCE
Transcribing agency IT-RoPAU
041 ## - LANGUAGE CODE
Language code of text/sound track or separate title ita
100 ## - MAIN ENTRY--PERSONAL NAME
Personal name Gabriele Maria Roschini
9 (RLIN) 34578
245 ## - TITLE STATEMENT
Title Maria Santissima nella storia della salvezza. Trattato completo di mariologia alla luce del Concilio Vaticano II...
250 ## - EDITION STATEMENT
Edition statement Isola del Liri
260 ## - PUBLICATION, DISTRIBUTION, ETC. (IMPRINT)
Place of publication, distribution, etc. Tip. editrice M. Pisani
260 ## - PUBLICATION, DISTRIBUTION, ETC. (IMPRINT)
Date of publication, distribution, etc. 1969
300 ## - PHYSICAL DESCRIPTION
Dimensions 24 cm
490 ## - SERIES STATEMENT
Volume/sequential designation 1
600 ## - SUBJECT ADDED ENTRY--PERSONAL NAME
Personal name "CONTENUTO - Vol I Introduzione generale. Testo, fonti ,principi, bibliografia - Vol II dogma mariano . Pt I. Le singolari funzioni di Maria SS. - Vol. III. Il dogma mariano. Pt. II. I singolari privilegi di Maria SS. - Vol. IV. Il culto mariano "
9 (RLIN) 34579
942 ## - ADDED ENTRY ELEMENTS (KOHA)
Koha item type LIBRO
Source of classification or shelving scheme Dewey Decimal Classification
Dati di copia
Withdrawn status Lost status Source of classification or shelving scheme Damaged status Not for loan Home library Current library Date acquired Total Checkouts Full call number Date last seen Price effective from Koha item type Public note
    Dewey Decimal Classification Buone Condizioni Not For Loan PAULUS-BIBLIOTECA PAULUS-BIBLIOTECA 11/04/2012   243.15 11/04/2012 11/04/2012 LIBRO Inserito da: Mario In data: 02 settembre 2011 fondo: Via A.Severo 56 Progr:25764
CREDITS: SOCIETA' SAN PAOLO Via A.Severo, 58 - ROMA (RM) & PERIODICI SAN PAOLO SRL Via Giotto, 36 MILANO & CISF Via Giotto, 36 MILANO & EDIZIONI SAN PAOLO SRL,  Piazza Soncino, 5 CINISELLO BALSAMO (MI) -- ITALY